[Event "AUTO-ELITE-2495"]
[Site "http://www.queenalice.com/game.php?id=1821270"]
[Date "2023.9.20"]
[Round "1"]
[White "EddieK"]
[Black "Diemerlin"]
[Result "1/2-1/2"]
[WhiteElo "2475"]
[BlackElo "2279"]

1. Nf3 Nf6 2. g3 g6 3. Bg2 Bg7 4. O-O O-O 5. c4 d6 6. Nc3 e5 7. d4 Nc6 8. d5 Nb8
9. e4 a5 10. b3 Bd7 11. Bg5 Na6 12. Qd2 Qe8 13. Rae1 Ng4 14. Qd1 f5 15. h3 Nh6
16. exf5 gxf5 17. Nh4 Nf7 18. Bd2 Nc5 19. Kh2 Nh8 20. f4 Ng6 21. Nxg6 Qxg6 22.
fxe5 dxe5 23. Be3 b6 24. Rg1 Kh8 25. Qd2 Rae8 1/2-1/2

[Event "AUTO-ELITE-2499"]
[Site "http://www.queenalice.com/game.php?id=1823146"]
[Date "2023.10.17"]
[Round "1"]
[White "raulzampronha"]
[Black "EddieK"]
[Result "1/2-1/2"]
[WhiteElo "2208"]
[BlackElo "2477"]

1. d4 d6 2. e4 g6 3. Nc3 Bg7 4. Nf3 Nf6 5. Bg5 c6 6. e5 Nd5 7. Nxd5 cxd5 8. exd6
Qxd6 9. Qd2 Bg4 10. Be2 Nc6 11. c3 e6 12. Bf4 Qe7 13. O-O O-O 14. Rfe1 Rac8 15.
h3 Bxf3 16. Bxf3 Rfd8 17. Bg5 1/2-1/2

[Event "AUTO-ELITE-2499"]
[Site "http://www.queenalice.com/game.php?id=1823147"]
[Date "2023.10.17"]
[Round "1"]
[White "EddieK"]
[Black "raulzampronha"]
[Result "1-0"]
[WhiteElo "2477"]
[BlackElo "2216"]

1. Nf3 d5 2. c4 e6 3. g3 Nf6 4. d4 Be7 5. Bg2 O-O 6. Bf4 b6 7. Ne5 Bb7 8. Nc3 c6
9. O-O Nfd7 10. h4 Nxe5 11. dxe5 dxc4 12. Qc1 Qc7 13. Ne4 b5 14. Nf6+ Kh8 15.
Rd1 Qb6 16. Bh6 gxf6 17. exf6 1-0

[Event "AUTO-ELITE-2499"]
[Site "http://www.queenalice.com/game.php?id=1823152"]
[Date "2023.10.17"]
[Round "1"]
[White "ClivetheBeard"]
[Black "EddieK"]
[Result "1-0"]
[WhiteElo "2714"]
[BlackElo "2468"]

1. b3 c5 2. e4 Nf6 3. e5 Nd5 4. Bb2 e6 5. Nf3 Na6 6. a3 Nac7 7. Bd3 b5 8. Be4
Rb8 9. h4 Be7 10. Rh3 O-O 11. d4 cxd4 12. Qxd4 a6 13. Nc3 Nxc3 14. Bxc3 Na8 15.
Bxh7+ Kxh7 16. Ng5+ Kg8 17. Qd3 g6 18. h5 Bxg5 19. hxg6 f5 20. Qg3 Bb7 21. Qh2
1-0

[Event "AUTO-ELITE-2499"]
[Site "http://www.queenalice.com/game.php?id=1823153"]
[Date "2023.10.17"]
[Round "1"]
[White "EddieK"]
[Black "ClivetheBeard"]
[Result "1-0"]
[WhiteElo "2465"]
[BlackElo "2717"]

1. Nf3 h6 2. e4 c5 3. d4 cxd4 4. c3 dxc3 5. Nxc3 a6 6. Bc4 e6 7. Bf4 d6 8. O-O
b5 9. Bb3 g5 10. Bg3 Nd7 11. Rc1 Bb7 12. Nd4 Qb6 13. Re1 Ne5 14. Bxe6 fxe6 15.
Nxe6 b4 16. Nd5 Bxd5 17. Nc7+ Kd7 18. Bxe5 dxe5 19. Qxd5+ 1-0

[Event "Challenge"]
[Site "http://www.queenalice.com/game.php?id=1823672"]
[Date "2023.10.23"]
[Round "-"]
[White "EddieK"]
[Black "ClivetheBeard"]
[Result "0-1"]
[WhiteElo "2472"]
[BlackElo "2702"]

1. Nf3 d5 2. a3 c5 3. g3 Nc6 4. d4 cxd4 5. Nxd4 e5 6. Nxc6 bxc6 7. Bg2 Be6 8.
Nd2 Qd7 9. b3 Bd6 10. Bb2 Bh3 11. O-O h5 12. Nf3 f6 13. Bxh3 Qxh3 14. c4 h4 15.
e4 hxg3 16. fxg3 Bc5+ 0-1

[Event "Challenge"]
[Site "http://www.queenalice.com/game.php?id=1823673"]
[Date "2023.10.23"]
[Round "-"]
[White "EddieK"]
[Black "ClivetheBeard"]
[Result "0-1"]
[WhiteElo "2478"]
[BlackElo "2698"]

1. Nf3 d5 2. g3 c5 3. a3 Nc6 4. d3 e5 5. Bg2 f6 6. O-O Be6 7. Nbd2 Qd7 8. b3 Bh3
9. Bxh3 Qxh3 10. Bb2 Nh6 11. e3 O-O-O 12. c4 dxc4 13. dxc4 e4 14. Ne1 Ng4 0-1

[Event "Challenge"]
[Site "http://www.queenalice.com/game.php?id=1824688"]
[Date "2023.11.5"]
[Round "-"]
[White "Jo_AnnaSummer"]
[Black "EddieK"]
[Result "1/2-1/2"]
[WhiteElo "2501"]
[BlackElo "2476"]

1. d4 Nf6 2. c4 g6 3. Nc3 Bg7 4. e4 O-O 5. Nf3 c6 6. Be2 d6 7. O-O Bg4 8. Be3
Nbd7 9. Ng5 Bxe2 10. Qxe2 e5 11. d5 cxd5 12. exd5 h6 1/2-1/2

[Event "Challenge"]
[Site "http://www.queenalice.com/game.php?id=1824689"]
[Date "2023.11.5"]
[Round "-"]
[White "Jo_AnnaSummer"]
[Black "EddieK"]
[Result "1/2-1/2"]
[WhiteElo "2502"]
[BlackElo "2475"]

1. d4 Nf6 2. Nc3 g6 3. e4 d6 4. Nf3 Bg7 5. Bc4 O-O 6. Bb3 Bg4 7. h3 Bxf3 8. Qxf3
Nc6 9. Be3 e5 10. d5 Na5 11. O-O 1/2-1/2

[Event "Let's Play Chess!"]
[Site "http://www.queenalice.com/game.php?id=1825439"]
[Date "2023.11.18"]
[Round "-"]
[White "EddieK"]
[Black "Mlintz"]
[Result "1-0"]
[WhiteElo "2471"]
[BlackElo "1717"]

1. Nf3 d6 2. e4 Nf6 3. Nc3 c6 4. e5 dxe5 5. Nxe5 g6 6. d4 Bg7 7. Bg5 O-O 8. Be2
Nd5 9. Nxd5 cxd5 10. Nf3 f6 11. Be3 Nc6 12. Qd2 e5 13. dxe5 fxe5 14. Rd1 d4 15.
Bh6 Bg4 16. O-O e4 17. Bc4+ Kh8 18. Bxg7+ Kxg7 19. Nxd4 Nxd4 20. Qxd4+ Qf6 21.
Qxf6+ Rxf6 22. f3 exf3 23. gxf3 Bxf3 24. Rd7+ Kh8 25. Rf7 Rxf7 26. Bxf7 Bc6 27.
c4 Be4 28. Bd5 Bf5 29. b4 Rb8 30. Re1 b6 31. Re7 a5 32. b5 Bd3 33. Kf2 Rf8+ 34.
Ke3 Bf5 35. Rb7 Rf6 36. Kd4 Bb1 37. Ke5 Rf2 38. Rxb6 Rxh2 39. Rb8+ Kg7 40. b6
Bxa2 41. Rg8+ Kh6 42. b7 1-0

[Event "Let's Play Chess!"]
[Site "http://www.queenalice.com/game.php?id=1828825"]
[Date "2024.1.10"]
[Round "-"]
[White "igor12345"]
[Black "EddieK"]
[Result "0-1"]
[WhiteElo "1997"]
[BlackElo "2472"]

1. e4 c5 2. Nf3 g6 3. c3 d5 4. e5 Nc6 5. d4 cxd4 6. cxd4 Bg4 7. Be2 Bxf3 8. Bxf3
e6 9. O-O Nge7 10. Bg5 Bg7 11. Qd2 Qb6 12. Rd1 Nf5 13. Be3 f6 14. g4 Nxe3 15.
fxe3 fxe5 16. dxe5 Nxe5 17. Kg2 Nc4 18. Qe2 Nxe3+ 19. Kh1 Nxd1 20. Qxd1 Qxb2 0-1

[Event "Let's Play Chess!"]
[Site "http://www.queenalice.com/game.php?id=1830343"]
[Date "2024.1.31"]
[Round "-"]
[White "igor12345"]
[Black "EddieK"]
[Result "0-1"]
[WhiteElo "2067"]
[BlackElo "2486"]

1. e4 c6 2. d4 d5 3. e5 Bf5 4. Bd3 Bxd3 5. Qxd3 Qd7 6. h3 e6 7. c4 dxc4 8. Qxc4
Ne7 9. Nc3 Na6 10. Nge2 Nf5 11. a3 Be7 12. b4 Nc7 13. g4 Nh4 14. Be3 a5 15. O-O
h5 16. gxh5 Rxh5 17. Ng3 Rh8 18. Nce2 f5 19. f4 Nd5 20. Bd2 axb4 21. Bxb4 Ne3
22. Qb3 Nxf1 23. Rxf1 c5 24. dxc5 Qc6 25. Rf2 O-O-O 26. Qc3 Rd1+ 27. Kh2 Rhd8
28. Ng1 R8d3 29. Qc2 Rxg3 30. Qxd1 Rg2+ 0-1

[Event "Challenge"]
[Site "http://www.queenalice.com/game.php?id=1832609"]
[Date "2024.3.1"]
[Round "-"]
[White "EddieK"]
[Black "ClivetheBeard"]
[Result "1-0"]
[WhiteElo "2473"]
[BlackElo "2715"]

1. e4 c5 2. Nf3 Nc6 3. d4 cxd4 4. Nxd4 Nf6 5. Nc3 d6 6. Bg5 e6 7. Qd2 Be7 8. Nb3
a6 9. O-O-O O-O 10. Bxf6 gxf6 11. Qh6 Na5 12. Rd3 Nxb3+ 13. cxb3 Kh8 14. Rh3 1-0

[Event "Challenge"]
[Site "http://www.queenalice.com/game.php?id=1833607"]
[Date "2024.3.16"]
[Round "-"]
[White "ClivetheBeard"]
[Black "EddieK"]
[Result "1/2-1/2"]
[WhiteElo "2689"]
[BlackElo "2495"]

1. e4 c5 2. Nf3 d6 3. d4 cxd4 4. Nxd4 Nf6 5. Nc3 Nc6 6. Bc4 e6 7. Be3 Bd7 8. Bb3
Nxd4 9. Qxd4 Be7 10. g4 O-O 11. Rg1 b5 12. g5 Nh5 13. O-O-O a5 14. a3 g6 15. e5
1/2-1/2

[Event "Challenge"]
[Site "http://www.queenalice.com/game.php?id=1848545"]
[Date "2024.12.10"]
[Round "-"]
[White "ClivetheBeard"]
[Black "EddieK"]
[Result "0-1"]
[WhiteElo "2667"]
[BlackElo "2503"]

1. d3 e5 2. e3 d6 3. d4 Nd7 4. Nf3 Ngf6 5. b3 c6 6. c4 g6 7. Ba3 c5 8. dxe5 dxe5
9. Bb2 Bg7 10. Qc2 e4 11. Ng5 O-O 12. Nxe4 Nxe4 13. Bxg7 Kxg7 14. Qxe4 Qf6 0-1